000 01810nam a22003377a 4500
003 OSt
005 20260512102405.0
008 260512b |||||||| |||| 00| 0 aze d
040 _aAZ-XaKU
_baze
_cAZ-XaKU
041 _aaze
050 0 4 _aPN1998.3 .D12 .P9406 2010
100 1 _aDadaşov, Aydın
_cprofessor,
_d1952 - 2017,
_emüəllif.
245 1 _aRejisorluğun üslub problemləri
_bCənnət Səlimovanın yaradıcılığı əsasında
_c/ Aydın Dadaşov
264 _aBakı:
_bElm və təhsil,
_c2010.
300 _a240 səhifə ;
_bşəkilli ;
_c21 sm.
336 _atext
_btxt
_2rdacontent
337 _aunmediated
_bn
_2rdamedia
338 _avolume
_bnc
_2rdacarrier
520 _aƏməkdar incəsənət xadimi, dövlət mükafatı laureatı, filologiya elmləri doktoru, professor Aydın Ərşad oğlu Dadaşovun "Rejissorluğun üslub problemləri" (Cənnət Səlimovanın yaradıcılığı əsasında) monoqrafiyasında peşəkar teatr rejissorunun yaradıcılıq laboratoriyası ilk dəfə olaraq sistemli şəkildə təhlilə cəlb edilir. Kitabın sonunda Azərbaycan respublikasının xalq artisti, ADMİU-nun professoru 70 illik ömrünün, 50 ildən çoxunu səhnə sənətinə həsr etməklə yüzdən artıq tamaşaya quruluş vermiş Cənnət Səlimovanın yaradıcılığını araşdıran bu kitabın mütəxəssislərlə birgə geniş oxucu marağına da səbəb olacağı zənnindəyik.
521 _aÜmumi oxucu kütləsi
546 _aaze
600 _2AZ-XaKU
650 7 _a Rejissorluq sənəti
_2AZ-XaKU
655 _aMonoqrafiya
700 1 _aMəmmədova, Rəna,
_eElmi redaktor.
700 1 _aXanoğlan, Vəfa,
_eredaktor.
700 1 _aƏlizadə, Məryəm,
_erəyçi.
700 1 _aQazızadə, İlham,
_erəyçi.
942 _cBOOK
999 _c420
_d420